India : (Record no. 77213)

MARC details
000 -LEADER
fixed length control field 00536nam a22001937a 4500
005 - DATE AND TIME OF LATEST TRANSACTION
control field 20130813120011.0
010 ## - LCCN (DPL NO)
LC control number ENG-107873
020 ## - INTERNATIONAL STANDARD BOOK NUMBER
International Standard Book Number 9788188643417
Terms of availability 225.00
035 ## - SYSTEM CONTROL NUMBER
System control number EN-91406
037 ## - SOURCE OF ACQUISITION
Source of stock number/acquisition DBAD/PUB
082 ## - DEWEY DECIMAL CLASSIFICATION NUMBER
Classification number 954
245 00 - TITLE STATEMENT
Title India :
Statement of responsibility, etc edited by Chaman Lal
Remainder of title mother of us all /
260 ## - PUBLICATION, DISTRIBUTION, ETC. (IMPRINT)
Place of publication, distribution, etc New Delhi
Name of publisher, distributor, etc Akshaya Prakashan
Date of publication, distribution, etc 2013
270 ## - ADDRESS
Address 2/18, Ansari Road
City New Delhi
Postal code 110002
300 ## - PHYSICAL DESCRIPTION
Extent 208p.
Dimensions 22cm(pbk)
500 ## - GENERAL NOTE
General note Includes index
700 ## - ADDED ENTRY--PERSONAL NAME
Personal name Chaman Lal
942 ## - ADDED ENTRY ELEMENTS (KOHA)
Source of classification or shelving scheme Dewey Decimal Classification
Item type English Books
Call number suffix IND
Classification part 954
Holdings
Withdrawn status Lost status Not for loan Collection code Home library Current library Date acquired Source of acquisition Cost, normal purchase price Full call number Barcode Copy number Cost, replacement price Koha item type
    Not For Loan Non-fiction D.B.Act.Division D.B.Act.Division 05/07/2013 DBAD/PUB 225.00 954 IND EN-91406 1 225.00 English Books

© Delhi Public Library
Hit Counter
free hit counter